Степовий вовк (Запис № 17780)

000 -Маркер запису
Контрольне поле сталої довжини 01476nam a22002537a 4500
003 - Належність контрольного номера
Контрольне поле Uzh_bibl
008 - Кодовані дані
Контрольне поле сталої довжини 260515b |||||||| |||| 00| 0 ukr d
020 ## - Індекс ISBN
ISBN 966-500-084-5
Ціна 22.00
040 ## - Джерело каталогіз.
Код мови каталог. укр.
041 ## - Код мови видання
Код мови оригіналу німецька
Код мови тексту українська
080 ## - Індекс УДК
Індекс УДК 821(494)
090 ## - Шифри
Поличний індекс 821(494)
Авторський знак Г 43
100 ## - Автор
Автор Гесе,Герман
245 ## - Назва
Назва Степовий вовк
Відповідальність пер. з нім..Є.Попович
Фізичний носій Текст
260 ## - Вихідні дані
Місце видання Київ
Видавництво Вид-во Соломії Павличко "Основи"
Дата видання 2003
300 ## - Фізичний опис
Обсяг 351 с.
520 ## - Анотація
Анотація У романі "Степовий вовк" найвідомішому своєму творі,Герман Гесе, ґрунтуючись на психоаналізі К. Юнґа,змальовує образ людини,здатної пізнати і сприйняти всі глибини своєї істоти,всі порухи,добрі , й погані,своєї душі.За сміливістю своєї новаторської форми цей твір ,за словами Т.Мана,не поступається "Улісові" Д.Джойса і "Фальшивомонетникам" А.Жида.
521 ## - Примітка про цільове призначення
Примітка про цільове призначення Для широкого кола читачів
546 ## - Примітка про мову
Примітка про мову укр.
650 ## - Тематичні рубрики
Основна рубрика Літературно-художнє видання
653 ## - Ключові слова
Ключові слова Протистояння
-- Труднощі
-- Непросте життя
655 ## - Термін індексування — жанр/форма
Жанр/форма Проза
Типове ділення Роман
942 ## - ADDED ENTRY ELEMENTS (KOHA)
Джерело класифікації чи схема поличного розташування
Koha item type Книги
Фонди
Статус вилучення Статус втрати/відсутності Джерело класифікації чи схема поличного розташування Статус пошкодження Тип обігу (не для випозичання) Постійне розташування Поточне розташування Розташування у відділі Дата надходження Інвентарний номер Total Checkouts Повний (примірниковий) шифр зберігання Штрих-код Date last seen Дата, для якої чинна ціна заміни Тип одиниці (рівень примірника)
          Бібліотека-філія №3 Бібліотека-філія №3 Абонемент старший відділ 15/05/2026 74196   821(494) 4214 15/05/2026 15/05/2026 Книги

Працює на АБІС Коха